Sintesis y optimizacion de la CPUCR en la libreria AM1 0.5 micrones con herramientas de Synopsys

保存先:
書誌詳細
第一著者: Mora Lizano, Alejandro
その他の著者: Rojas Fonseca, Henry
フォーマット: 図書
出版事項: [San José, Costa Rica] 2004
主題:
タグ: タグ追加
タグなし, このレコードへの初めてのタグを付けませんか!

MARC

LEADER 00000nam a2200000Ia 4500
003 009417
005 20221231144135.0
008 140114s2004 cr a m 000 ||s d
040 |c cru CEDI 
090 |a TFG 4960 
100 |a Mora Lizano, Alejandro  |9 6275 
245 |a Sintesis y optimizacion de la CPUCR en la libreria AM1 0.5 micrones con herramientas de Synopsys 
260 |c 2004  |a  [San José, Costa Rica] 
300 |a  viii, 152 hojas : ilustraciones  
500 |a Proyecto de graduación (bachillerato en ingeniería eléctrica)--Universidad de Costa Rica. Facultad de Ingeniería. Escuela de Ingeniería Eléctrica 
650 |x CIRCUITOS VLSI   |x DISEÑO   |x CPUCR (MICROPROCESADOR)   |x CIRCUITOS INTEGRADOS  |9 6277 
700 |9 6276  |a Rojas Fonseca, Henry 
942 |c TFG 
999 |c 17460  |d 17460